[Event "Campobasso op 13th"]
[Site "Campobasso"]
[Date "2006.07.21"]
[Round "2"]
[White "Frontini, Yuri Diego"]
[Black "Palladino, Andrea"]
[Result "1/2-1/2"]
[WhiteElo "2055"]
[BlackElo "1874"]
[PlyCount "82"]
[EventDate "2006.07.21"]
[EventType "swiss"]
[EventRounds "6"]
[EventCountry "ITA"]
[SourceTitle "CBM 113 Extra"]
[Source "ChessBase"]
[SourceDate "2006.09.14"]
[SourceVersion "1"]
[SourceVersionDate "2006.09.14"]
[SourceQuality "1"]

1. d4 Nf6 2. c4 g6 3. Nc3 Bg7 4. e4 d6 5. Be2 0-0 6. Nf3 e5 7. 0-0 Nc6 8. d5 Ne7 9. b4 Ne8 10. Nd2 f5 11. Ba3 Nf6 12. f3 f4 13. c5 g5 14. b5 Ng6 15. Nc4 Ne8 16. Qb3 Rf7 17. b6 axb6 18. cxd6 cxd6 19. Rab1 h5 20. Nxb6 Rb8 21. Qa4 Bf8 22. Qa7 Bd7 23. Bb5 Bxb5 24. Nxb5 Rg7 25. Kh1 g4 26. Nc4 Nh4 27. Qb6 Qg5 28. Rb2 gxf3 29. gxf3 Rc8 30. Nbxd6 Nxd6 31. Nxd6 Bxd6 32. Bxd6 Nxf3 33. Qf2 Rc3 34. Rb3 Rxb3 35. axb3 Nd4 36. Rg1 Qf6 37. Bb8 Nxb3 38. Qc2 Rxg1+ 39. Kxg1 Qb6+ 40. Kg2 f3+ 41. Kf1 Qb5+ 1/2-1/2

[Event "Campobasso op 12th"]
[Site "Campobasso"]
[Date "2005.07.08"]
[Round "1"]
[White "Castrogiovanni, Carlo"]
[Black "Palladino, Andrea"]
[Result "1/2-1/2"]
[WhiteElo "2108"]
[BlackElo "1814"]
[PlyCount "67"]
[EventDate "2005.07.08"]
[EventType "swiss"]
[EventRounds "6"]
[EventCountry "ITA"]
[SourceTitle "EXT 2007"]
[Source "ChessBase"]
[SourceDate "2006.11.23"]
[SourceVersion "1"]
[SourceVersionDate "2006.11.23"]
[SourceQuality "1"]

1. Nf3 c5 2. c4 Nf6 3. g3 g6 4. Bg2 Bg7 5. 0-0 0-0 6. e3 Nc6 7. d4 cxd4 8. exd4 d5 9. cxd5 Nxd5 10. Nc3 Bg4 11. Be3 e5 12. Nxd5 Qxd5 13. Nxe5 Qxg2+ 14. Kxg2 Bxd1 15. Rfxd1 Nxe5 16. dxe5 Bxe5 17. Rd7 b6 18. Rb1 Rfd8 19. Rxd8+ Rxd8 20. b4 Kg7 21. Kf3 f5 22. a4 Rd7 23. Rc1 Kf7 24. b5 Ke6 25. h4 Rc7 26. Rxc7 Bxc7 27. Bf4 Bxf4 28. Kxf4 h6 29. f3 Kf6 30. Ke3 g5 31. Kd4 Ke6 32. hxg5 hxg5 33. g4 fxg4 34. fxg4 1/2-1/2